02238nam a2200373 i 4500001001000000003000900010005001700019007000300036008004100039040003000080082002300110100004400133245012400177264005500301300004500356336002700401337003300428338002800461490004400489505003500533590002700568650007000595650004700665650003200712650005700744910003800801942001400839952014700853952027401000952016101274952014101435952027101576999001701847000027347DO-SdBNP20250131131848.0ta110331e1980 dr a r 000 e spa d aDO-SdBNPbspacBNPHUerda 4a363.123bS235e2221 aSantiago, Pedro J.,945327eautor4aut.10aEstudios sobre comercio marítimo, naufragios y rescates submarinos en la República Dominicana /cPedro J. Santiago. 1aSanto Domingo :bMuseo de las Casas Reales,c1980. a128 páginas :bIlustraciones ;c20 cm. atextobtxt2rdacontent asin mediaciónbn2rdamedia avolumenbnc2rdacarrier aColección Monografías y ensayos v1 aBibliografía : página 123  aInventariado 2024 / MF 4aCompañías de navegaciónxHistoriayColonia 1503-1844954424 4aOperaciones de búsqueda y rescate954425 4aNaufragiosxHistoria954426 4aContrabandozRepública DominicanaxHistoria911398 aValidado. Control de calidad. EMS 2ddccLBS1 00112ddc56708DSaBNPHUbBNPHUcHDd2013-09-04l0oBNPHU DS 363.123 S235ep27347-40r2020-06-25te. 4w2020-06-25yLBS1ZPréstamo en sala 00112ddc56708DSaBNPHUbBNPHUcHDd2013-09-04eDonado por la Presidencia de la República Dominicana 2023.l0oBNPHU DS 363.123 S235ep27347-50r2020-06-25te. 5w2020-06-25yLBS1zPerteneció a la biblioteca personal de Emilio Cordero Michel.ZPréstamo en sala 00102ddc51708PDaBNPHUbBNPHUcHDd2011-03-31eDonado por José Díazl0oBNPHU PD 363.123 S235ep27347-10r2020-06-25w2020-06-25yLBS1ZNo se presta 00102ddc51708PDaBNPHUbBNPHUcHDd2011-04-05l0oBNPHU PD 363.123 S235ep27347-20r2020-06-25te. 2w2020-06-25yLBS1ZNo se presta 00102ddc56708DSaBNPHUbBNPHUcHDd2013-06-25ePerteneción a la biblioteca de Emilio Cordero Michel / Presidencia de la Repúblical0oBNPHU DS 363.123 S235ep27347-30r2020-06-25te. 3w2020-06-25yLBS1zEjemplar autografiado por el autorZPréstamo en sala c26839d26839